MARC

LEADER 00000nam0a2200000 4500
001 357552
005 20231102011013.0
035 |a (RuTPU)RU\TPU\retro\14820 
090 |a 357552 
100 |a 20200806d1973 k y0rusy50 ca 
101 0 |a rus  |a eng 
102 |a RU 
105 |a y z 100zy 
200 1 |a II Международная конференция по мерлотоведению (Якутск, 16-28 июля 1973 г.)  |e тезисы докладов  |f отв. ред. П. И. Мельников  |f Академия наук СССР, Сибирское отделение, Институт мерзлотоведения ; отв. ред. П. И. Мельников 
210 |a Москва  |c Наука  |d 1973 
215 |a 320 с. 
300 |a Часть докладов на англ. яз. 
606 1 |a Мерзлотоведение  |2 stltpush  |3 (RuTPU)RU\TPU\subj\42207  |9 61898 
610 1 |a криолитосфера 
610 1 |a формирование 
610 1 |a развитие 
610 1 |a региональная геокриология 
610 1 |a подземные льды 
610 1 |a мерзлые толщи 
610 1 |a генезис 
610 1 |a состав 
610 1 |a строение 
610 1 |a мерзлые горные породы 
610 1 |a лед 
610 1 |a физика 
610 1 |a физикохимия 
610 1 |a механика 
610 1 |a подземные воды 
610 1 |a геокриологическая съемка 
610 1 |a прогноз 
610 1 |a многолетнемерзлые породы 
610 1 |a территории 
610 1 |a освоение 
610 1 |a криогенные процессы 
610 1 |a управление 
610 1 |a конференции 
675 |a 551.345(063)  |v 4 
702 1 |a Мельников  |b П. И.  |4 340 
712 1 2 |a Мерзлотоведение  |c конференция  |d 2  |e Якутск  |f 1973 
712 0 2 |a Академия наук СССР  |b Сибирское отделение  |b Институт мерзлотоведения  |c (Якутск)  |2 stltpush  |3 (RuTPU)RU\TPU\col\12256  |9 25362 
801 1 |a RU  |b 63413507  |c 20200806 
801 2 |a RU  |b 63413507  |c 20230623  |g RCR 
942 |c BK